[Event "IECG TE.2006.P.02101"]
[Site "IECG email"]
[Date "2006.11.25"]
[Round "?"]
[White "Dubleumortier, Alain"]
[Black "Williams, Derek"]
[Result "0-1"]
[WhiteElo "1787"]
[BlackElo "1144"]
[PlyCount "40"]
[EventDate "2006.03.17"]
[EventType "tourn (corr)"]
[EventRounds "2"]
[SourceTitle "Corr 2008"]
[Source "ChessBase"]
[SourceDate "2008.06.24"]
[SourceVersion "1"]
[SourceVersionDate "2008.06.24"]
[SourceQuality "1"]

1. e4 c5 2. f4 Nf6 3. Qf3 Nc6 4. c3 d6 5. h3 e5 6. Bb5 exf4 7. d3 Be7 8. Bxf4 0-0 9. Nd2 Ne5 10. Bxe5 dxe5 11. Ne2 Qb6 12. Bc4 Qxb2 13. Bb3 Qxa1+ 14. Bd1 Qxa2 15. Nc4 b5 16. Nxe5 Qe6 17. d4 cxd4 18. cxd4 Bb4+ 19. Kf2 Bc5 20. Qb3 Qxe5 0-1

[Event "IECG TE.2006.P.02101"]
[Site "IECG email"]
[Date "2006.11.25"]
[Round "?"]
[White "Williams, Derek"]
[Black "Dubleumortier, Alain"]
[Result "0-1"]
[WhiteElo "1144"]
[BlackElo "1787"]
[PlyCount "56"]
[EventDate "2006.03.17"]
[EventType "tourn (corr)"]
[EventRounds "2"]
[SourceTitle "Corr 2008"]
[Source "ChessBase"]
[SourceDate "2008.06.24"]
[SourceVersion "1"]
[SourceVersionDate "2008.06.24"]
[SourceQuality "1"]

1. e4 c5 2. f4 b6 3. Bc4 e6 4. Nf3 Bb7 5. d3 Nc6 6. 0-0 Qc7 7. Nc3 Be7 8. f5 0-0-0 9. Nb5 Qb8 10. Ng5 Bxg5 11. Bxg5 f6 12. Bf4 e5 13. Be3 Nge7 14. Qg4 g6 15. fxg6 f5 16. exf5 hxg6 17. f6 Nf5 18. Bd2 a6 19. Na3 e4 20. Bf4 Ne5 21. Qd1 d5 22. Bb3 e3 23. Qe2 Qd6 24. g4 Qxf6 25. gxf5 gxf5 26. Qxe3 Rdg8+ 27. Bg3 Rxh2 28. Rfe1 Qh4 0-1

[Event "IECG TE.2004.S.01602"]
[Site "IECG email"]
[Date "2005.11.27"]
[Round "?"]
[White "Dubleumortier, Alain"]
[Black "Ottenweller, Wolfgang"]
[Result "1/2-1/2"]
[WhiteElo "2164"]
[BlackElo "2003"]
[PlyCount "120"]
[EventDate "2005.11.27"]
[EventType "tourn (corr)"]
[EventRounds "8"]
[SourceTitle "Corr 2008"]
[Source "ChessBase"]
[SourceDate "2008.06.24"]
[SourceVersion "1"]
[SourceVersionDate "2008.06.24"]
[SourceQuality "1"]

1. e4 c6 2. d4 d5 3. e5 Bf5 4. Bd3 Bxd3 5. Qxd3 e6 6. Ne2 c5 7. c3 Nc6 8. 0-0 Nge7 9. Nd2 Rc8 10. Nf3 Ng6 11. Be3 a6 12. a3 c4 13. Qd2 Be7 14. Kh1 Na5 15. Rad1 Nb3 16. Qc2 0-0 17. Nfg1 b5 18. f4 f5 19. exf6 Rxf6 20. Ng3 Qd7 21. f5 exf5 22. Nxf5 Rcf8 23. Nxe7+ Nxe7 24. Rxf6 Rxf6 25. Nf3 Rf8 26. Re1 a5 27. Ne5 Qe6 28. Qd1 Nf5 29. Bg5 Nd6 30. Kg1 Ne4 31. Be3 a4 32. Qg4 Qxg4 33. Nxg4 Kf7 34. Rf1+ Ke7 35. Rxf8 Kxf8 36. Ne5 Na1 37. Kf1 Nc2 38. Bc1 h6 39. Nc6 g5 40. Ke2 Kf7 41. Kd1 Na1 42. Be3 Nd6 43. Bf2 Ke6 44. Ke2 Nb3 45. Be3 Nf5 46. Kf3 Nh4+ 47. Kf2 Ng6 48. g3 Ne7 49. Nxe7 Kxe7 50. Kf3 Kf6 51. g4 Kg6 52. Kg3 Na5 53. h4 Nc6 54. h5+ Kf6 55. Kf3 Nb8 56. Bf2 Kf7 57. Bg3 Nd7 58. Bd6 Nf6 59. Bc5 Ne4 60. Bb4 Kg7 1/2-1/2

[Event "IECG TE.2004.S.01602"]
[Site "IECG email"]
[Date "2005.11.27"]
[Round "?"]
[White "Suwara, Kazimierz"]
[Black "Dubleumortier, Alain"]
[Result "1-0"]
[WhiteElo "1674"]
[BlackElo "2164"]
[PlyCount "67"]
[EventDate "2005.11.27"]
[EventType "tourn (corr)"]
[EventRounds "8"]
[SourceTitle "Corr 2008"]
[Source "ChessBase"]
[SourceDate "2008.06.24"]
[SourceVersion "1"]
[SourceVersionDate "2008.06.24"]
[SourceQuality "1"]

1. e4 c6 2. d4 d5 3. e5 c5 4. dxc5 e6 5. Qg4 Nc6 6. Nf3 Qc7 7. Be3 Nxe5 8. Nxe5 Qxe5 9. Bb5+ Bd7 10. Bxd7+ Kxd7 11. Nc3 Ne7 12. 0-0-0 h5 13. Qf3 Qf5 14. Qe2 Nc6 15. Kb1 Be7 16. Nb5 f6 17. Rhe1 Rhd8 18. f3 a6 19. Nc3 Ke8 20. g4 Qh7 21. Bf2 d4 22. Ne4 hxg4 23. fxg4 e5 24. h4 Qg8 25. h5 Nb4 26. b3 Nd5 27. Qf3 b6 28. cxb6 Qe6 29. Bh4 Qc6 30. Qf5 Rac8 31. h6 gxh6 32. b7 Rb8 33. Qg6+ Kf8 34. Bg5 1-0

[Event "IECG TE.2004.P.01617 email"]
[Site "IECG email"]
[Date "2004.09.22"]
[Round "?"]
[White "Dubleumortier, Alain"]
[Black "Tebelmann, Lars"]
[Result "1/2-1/2"]
[WhiteElo "2164"]
[BlackElo "1671"]
[PlyCount "49"]
[EventDate "2004.09.22"]
[EventType "tourn (corr)"]
[EventRounds "8"]
[SourceTitle "Corr 2008"]
[Source "ChessBase"]
[SourceDate "2008.06.24"]
[SourceVersion "1"]
[SourceVersionDate "2008.06.24"]
[SourceQuality "1"]

1. e4 c6 2. d4 d5 3. e5 Bf5 4. Nf3 e6 5. Be2 c5 6. Be3 cxd4 7. Nxd4 Ne7 8. c4 Nbc6 9. Qa4 dxc4 10. Na3 Qa5+ 11. Qxa5 Nxa5 12. Nab5 Nd5 13. Nxf5 exf5 14. Bd2 Bb4 15. 0-0-0 0-0 16. Nd6 Rad8 17. Bxb4 Nxb4 18. Kb1 f4 19. Rhe1 Nbc6 20. Bf3 b6 21. Bxc6 Nxc6 22. h3 a6 23. Nxc4 Rxd1+ 24. Rxd1 b5 25. Nd6 1/2-1/2

[Event "IECG TE.2004.P.01617 email"]
[Site "IECG email"]
[Date "2004.09.22"]
[Round "?"]
[White "Stuart, Keith"]
[Black "Dubleumortier, Alain"]
[Result "1/2-1/2"]
[WhiteElo "1032"]
[BlackElo "2164"]
[PlyCount "86"]
[EventDate "2004.09.22"]
[EventType "tourn (corr)"]
[EventRounds "8"]
[SourceTitle "Corr 2008"]
[Source "ChessBase"]
[SourceDate "2008.06.24"]
[SourceVersion "1"]
[SourceVersionDate "2008.06.24"]
[SourceQuality "1"]

1. e4 c6 2. d4 d5 3. e5 Bf5 4. c3 e6 5. Nf3 Nd7 6. Be2 Ne7 7. Qb3 Qc7 8. Be3 a6 9. Nbd2 c5 10. dxc5 Nxc5 11. Bxc5 Qxc5 12. Qxb7 Qc6 13. Qb3 Qd7 14. Nd4 Bg6 15. Qb6 Nc8 16. Qa5 Qb7 17. Rd1 Nb6 18. c4 Nd7 19. cxd5 exd5 20. e6 Nf6 21. Qa4+ Ke7 22. Qa3+ Ke8 23. Qa4+ Ke7 24. Rc1 fxe6 25. Qc6 Qxc6 26. Rxc6 e5 27. Re6+ Kd7 28. Rxe5 Bd6 29. Re6 Rab8 30. N2b3 Rxb3 31. Rxd6+ Kxd6 32. axb3 Kc5 33. Ne6+ Kd6 34. Nf4 Bf5 35. Bxa6 Ra8 36. Be2 Ra2 37. Bd1 Rxb2 38. f3 Nd7 39. 0-0 Nc5 40. g4 Be6 41. Nxe6 Kxe6 42. f4 Nxb3 43. Bxb3 Rxb3 1/2-1/2

[Event "Jacques Jaudran mem sf4 corr"]
[Site "France AJEC"]
[Date "2002.06.15"]
[Round "?"]
[White "Adeline, Bruno"]
[Black "Dubleumortier, Alain"]
[Result "1-0"]
[WhiteElo "2132"]
[BlackElo "1999"]
[PlyCount "24"]
[EventDate "2002.06.15"]
[EventType "tourn (corr)"]
[EventRounds "10"]
[EventCountry "FRA"]
[SourceTitle "Corr 2004"]
[Source "ChessBase"]
[SourceDate "2003.04.28"]
[SourceVersion "3"]
[SourceVersionDate "2003.04.28"]
[SourceQuality "1"]

1. d4 d5 2. Nf3 Nf6 3. Bf4 c5 4. e3 Qb6 5. b3 Nc6 6. c3 Bg4 7. Bd3 e6 8. 0-0 Be7 9. h3 Bh5 10. Nbd2 0-0 11. Qc2 Rac8 12. a3 h6 1-0

[Event "IECG TE.2002.P.01005 email"]
[Site "IECG email"]
[Date "2002.03.28"]
[Round "?"]
[White "Dubleumortier, Alain"]
[Black "Howes, Tony"]
[Result "0-1"]
[WhiteElo "2164"]
[BlackElo "1320"]
[PlyCount "36"]
[EventDate "2002.03.28"]
[EventType "tourn (corr)"]
[EventRounds "12"]
[SourceTitle "Corr 2008"]
[Source "ChessBase"]
[SourceDate "2008.06.24"]
[SourceVersion "1"]
[SourceVersionDate "2008.06.24"]
[SourceQuality "1"]

1. e4 e5 2. Nf3 Nc6 3. Bb5 Bc5 4. c3 f5 5. exf5 e4 6. d4 exf3 7. Qxf3 Be7 8. Qh5+ Kf8 9. Bf4 Nf6 10. Qf3 d5 11. Nd2 Bxf5 12. h3 g6 13. Bxc6 bxc6 14. g4 Be4 15. Nxe4 dxe4 16. Qe3 Bd6 17. Bh6+ Kf7 18. Qe2 Nd5 0-1

[Event "Jacques Jaudran mem prel5 corr"]
[Site "France AJEC"]
[Date "2000.??.??"]
[Round "?"]
[White "Dubleumortier, Alain"]
[Black "Girardot, Philippe"]
[Result "1/2-1/2"]
[WhiteElo "2013"]
[BlackElo "2108"]
[PlyCount "62"]
[EventDate "2000.11.15"]
[EventType "swiss (corr)"]
[EventRounds "8"]
[EventCountry "FRA"]
[SourceTitle "Corr 2004"]
[Source "ChessBase"]
[SourceDate "2003.04.28"]
[SourceVersion "3"]
[SourceVersionDate "2003.04.28"]
[SourceQuality "1"]

1. d4 d5 2. Nf3 Nf6 3. c4 e6 4. Nc3 Be7 5. Bf4 0-0 6. e3 c5 7. dxc5 Bxc5 8. Qc2 Nc6 9. a3 Qa5 10. 0-0-0 Be7 11. g4 dxc4 12. Bxc4 e5 13. g5 exf4 14. gxf6 Bxf6 15. Nd5 Ne7 16. Nxf6+ gxf6 17. Rhg1+ Kh8 18. Qe4 Ng6 19. Qd4 Qb6 20. exf4 Qxd4 21. Rxd4 Bf5 22. b3 Rac8 23. Kb2 b5 24. Bd3 Bxd3 25. Rxd3 Rfe8 26. f5 Ne5 27. Nxe5 Rxe5 28. Rd7 Rxf5 29. Rf1 a6 30. Rxf7 Rf3 31. Rd7 Rcc3 1/2-1/2

[Event "Jacques Jaudran mem prel5 corr"]
[Site "France AJEC"]
[Date "2000.??.??"]
[Round "?"]
[White "Parisot, Stephane"]
[Black "Dubleumortier, Alain"]
[Result "1-0"]
[WhiteElo "1813"]
[BlackElo "2013"]
[PlyCount "71"]
[EventDate "2000.11.15"]
[EventType "swiss (corr)"]
[EventRounds "8"]
[EventCountry "FRA"]
[SourceTitle "Corr 2004"]
[Source "ChessBase"]
[SourceDate "2003.04.28"]
[SourceVersion "3"]
[SourceVersionDate "2003.04.28"]
[SourceQuality "1"]

1. d4 d5 2. Bg5 h6 3. Bf4 Nf6 4. e3 c5 5. dxc5 Qa5+ 6. Nc3 Qxc5 7. Be5 e6 8. Nb5 Na6 9. c3 Qb6 10. Qd4 Bc5 11. Qf4 Bd7 12. a4 Qd8 13. Bd6 Bb6 14. Nf3 Ne4 15. Ne5 Qf6 16. Qxf6 gxf6 17. Nxd7 Kxd7 18. Bg3 h5 19. a5 Bd8 20. Bf4 e5 21. f3 Ng5 22. Bxg5 fxg5 23. 0-0-0 Ke6 24. e4 dxe4 25. fxe4 Bc7 26. Bc4+ Ke7 27. b4 f6 28. Bd5 Rab8 29. h4 g4 30. Rhf1 Rhd8 31. Nxa7 Rf8 32. Nb5 Rfd8 33. Rf5 Rh8 34. Kc2 Bd8 35. Nd6 Bc7 36. Nxb7 1-0

[Event "Aquitaine-ch corr"]
[Site "France"]
[Date "1999.??.??"]
[Round "?"]
[White "Bibens, Jean Paul"]
[Black "Dubleumortier, Alain"]
[Result "1-0"]
[WhiteElo "2052"]
[BlackElo "2077"]
[PlyCount "103"]
[EventDate "1999.12.15"]
[EventType "tourn (corr)"]
[EventRounds "9"]
[EventCountry "FRA"]
[SourceTitle "Corr 2004"]
[Source "ChessBase"]
[SourceDate "2003.04.28"]
[SourceVersion "3"]
[SourceVersionDate "2003.04.28"]
[SourceQuality "1"]

1. Nf3 g5 2. Nxg5 e5 3. d4 h6 4. Nxf7 Kxf7 5. dxe5 Qh4 6. Qd5+ Ke8 7. e4 Ne7 8. Qd3 Nec6 9. g3 Qe7 10. f4 d6 11. exd6 Qxd6 12. e5 Qxd3 13. Bxd3 Bb4+ 14. Bd2 Be6 15. Nc3 Rf8 16. f5 Bxc3 17. bxc3 Bxf5 18. Bxh6 Rf7 19. e6 Rf6 20. 0-0 Rxh6 21. Bxf5 Na6 22. Rae1 Ke7 23. Bd3 Rxe6 24. Rb1 Nc5 25. Bc4 Re3 26. Rf7+ Ke8 27. Rxc7 Re7 28. Rxe7+ Kxe7 29. Bd5 Rd8 30. c4 Rd6 31. h4 Kf6 32. g4 b6 33. Kg2 Kg7 34. Rf1 Ne5 35. Kg3 Ncd7 36. g5 Kg6 37. Re1 Kh5 38. Rd1 Nc5 39. Rf1 Ncd7 40. Rf7 Kg6 41. Re7 Kf5 42. Bg8 Nf8 43. Re8 Neg6 44. c5 bxc5 45. Bc4 Rd1 46. Bd3+ Rxd3+ 47. cxd3 Ne6 48. Ra8 Nef4 49. Rxa7 Nh5+ 50. Kf2 Nxh4 51. Ra5 Kxg5 52. Rxc5+ 1-0

[Event "Aquitaine-ch corr"]
[Site "France"]
[Date "1999.??.??"]
[Round "?"]
[White "Dubleumortier, Alain"]
[Black "Delbos, Jean Louis"]
[Result "0-1"]
[WhiteElo "2080"]
[BlackElo "2060"]
[PlyCount "50"]
[EventDate "1999.12.15"]
[EventType "tourn (corr)"]
[EventRounds "9"]
[EventCountry "FRA"]
[SourceTitle "Corr 2004"]
[Source "ChessBase"]
[SourceDate "2003.04.28"]
[SourceVersion "3"]
[SourceVersionDate "2003.04.28"]
[SourceQuality "1"]

1. b4 d5 2. Nf3 Bg4 3. Bb2 Bxf3 4. exf3 e6 5. f4 Qd6 6. Be5 Qxb4 7. Nc3 c6 8. Rb1 Qe7 9. Be2 f6 10. Bxb8 Rxb8 11. 0-0 Nh6 12. Re1 g6 13. Bf3 Bg7 14. d4 0-0 15. Qd2 Rfe8 16. Nd1 e5 17. fxe5 fxe5 18. Ne3 e4 19. Bd1 Qf6 20. c3 Nf5 21. Nxf5 gxf5 22. Qf4 Bh6 23. Qg3+ Kh8 24. Bc2 Rg8 25. Qh3 Rg4 0-1

[Event "Aquitaine-ch corr"]
[Site "France"]
[Date "1999.??.??"]
[Round "?"]
[White "Dubleumortier, Alain"]
[Black "Lafolie, Arnaud"]
[Result "1-0"]
[WhiteElo "2077"]
[BlackElo "1734"]
[PlyCount "47"]
[EventDate "1999.12.15"]
[EventType "tourn (corr)"]
[EventRounds "9"]
[EventCountry "FRA"]
[SourceTitle "Corr 2004"]
[Source "ChessBase"]
[SourceDate "2003.04.28"]
[SourceVersion "3"]
[SourceVersionDate "2003.04.28"]
[SourceQuality "1"]

1. d4 d6 2. Nf3 Bg4 3. e3 Nd7 4. c4 e5 5. Nc3 f5 6. Be2 c6 7. 0-0 g5 8. e4 f4 9. b4 h5 10. Bb2 Bxf3 11. Bxf3 g4 12. Be2 f3 13. gxf3 Qh4 14. Kh1 Ngf6 15. Rg1 exd4 16. Qxd4 gxf3 17. Bxf3 Ne5 18. Be2 0-0-0 19. Nd1 Bh6 20. f3 Qh3 21. Nf2 Qh4 22. Nd3 Rhg8 23. Qf2 Qh3 24. Nxe5 1-0

[Event "Aquitaine-ch corr"]
[Site "France"]
[Date "1999.??.??"]
[Round "?"]
[White "Dubleumortier, Alain"]
[Black "Neri, Jean Baptiste"]
[Result "0-1"]
[WhiteElo "2077"]
[BlackElo "2219"]
[PlyCount "82"]
[EventDate "1999.12.15"]
[EventType "tourn (corr)"]
[EventRounds "9"]
[EventCountry "FRA"]
[SourceTitle "Corr 2004"]
[Source "ChessBase"]
[SourceDate "2003.04.28"]
[SourceVersion "3"]
[SourceVersionDate "2003.04.28"]
[SourceQuality "1"]

1. b4 e5 2. Bb2 Bxb4 3. Bxe5 Nf6 4. c3 Be7 5. e3 0-0 6. d4 Nc6 7. Bg3 d5 8. Bd3 Ne4 9. Qc2 h5 10. Bxe4 dxe4 11. Qxe4 h4 12. Bf4 Re8 13. Nf3 f6 14. Bxc7 Qxc7 15. Qd5+ Kf8 16. Nxh4 g5 17. Ng6+ Kg7 18. Nxe7 Nxe7 19. Qf3 Rh8 20. h3 g4 21. Qe2 gxh3 22. Rxh3 Rxh3 23. gxh3 Bxh3 24. c4 Qh2 25. Nd2 Qg1+ 26. Nf1 Nf5 27. 0-0-0 Bg4 28. f3 Bh3 29. Kb2 Re8 30. Nd2 Qxe3 31. Qxe3 Rxe3 32. Rg1+ Kf8 33. Rh1 Bg2 34. Rh8+ Kg7 35. Rd8 b6 36. d5 Bxf3 37. Nxf3 Rxf3 38. Rd7+ Kg6 39. Rxa7 Nd6 40. Rc7 Kf5 41. Rc6 Ke5 0-1

[Event "Aquitaine-ch corr"]
[Site "France"]
[Date "1999.??.??"]
[Round "?"]
[White "Dubleumortier, Alain"]
[Black "Teyssier, Alain"]
[Result "0-1"]
[WhiteElo "2077"]
[BlackElo "2125"]
[PlyCount "60"]
[EventDate "1999.12.15"]
[EventType "tourn (corr)"]
[EventRounds "9"]
[EventCountry "FRA"]
[SourceTitle "Corr 2004"]
[Source "ChessBase"]
[SourceDate "2003.04.28"]
[SourceVersion "3"]
[SourceVersionDate "2003.04.28"]
[SourceQuality "1"]

1. b4 e5 2. Bb2 Bxb4 3. Bxe5 Nf6 4. c3 Be7 5. d4 d5 6. e3 Nbd7 7. Bg3 Ne4 8. Bd3 Nxg3 9. hxg3 Nf6 10. Nd2 Bd6 11. Ngf3 Bg4 12. Qb3 Qe7 13. Qxb7 0-0 14. Qb2 Rae8 15. Qc2 g6 16. Nf1 Kg7 17. N3d2 Nh5 18. Be2 f5 19. Nf3 f4 20. gxf4 Bxf4 21. Qd2 Bd6 22. N1h2 Bd7 23. a4 Nf6 24. Bd3 Ne4 25. Bxe4 dxe4 26. Ne5 Bxe5 27. dxe5 Rd8 28. Qd5 Bf5 29. Qc6 Qxe5 30. Rb1 Rf6 0-1

[Event "Aquitaine-ch corr"]
[Site "France"]
[Date "1999.??.??"]
[Round "?"]
[White "Picard, Jean"]
[Black "Dubleumortier, Alain"]
[Result "1-0"]
[WhiteElo "2086"]
[BlackElo "2077"]
[PlyCount "41"]
[EventDate "1999.12.15"]
[EventType "tourn (corr)"]
[EventRounds "9"]
[EventCountry "FRA"]
[SourceTitle "Corr 2004"]
[Source "ChessBase"]
[SourceDate "2003.04.28"]
[SourceVersion "3"]
[SourceVersionDate "2003.04.28"]
[SourceQuality "1"]

1. d4 d5 2. Nf3 c6 3. e3 Bf5 4. Bd3 Bg6 5. Bxg6 hxg6 6. c3 Nf6 7. 0-0 Nbd7 8. Nbd2 Qc7 9. h3 e5 10. dxe5 Nxe5 11. Nxe5 Qxe5 12. c4 0-0-0 13. Nf3 Qf5 14. Nd4 Qe4 15. Qa4 Kb8 16. Bd2 Bd6 17. Bb4 Bc7 18. Bc5 a6 19. Rfc1 g5 20. Nxc6+ bxc6 21. Qxa6 1-0

[Event "Aquitaine-ch corr"]
[Site "France"]
[Date "1998.??.??"]
[Round "?"]
[White "Bibens, Jean Paul"]
[Black "Dubleumortier, Alain"]
[Result "1/2-1/2"]
[WhiteElo "2063"]
[BlackElo "2046"]
[PlyCount "91"]
[EventDate "1998.??.??"]
[EventType "tourn (corr)"]
[EventRounds "8"]
[EventCountry "FRA"]
[SourceTitle "Corr 2004"]
[Source "ChessBase"]
[SourceDate "2003.04.28"]
[SourceVersion "3"]
[SourceVersionDate "2003.04.28"]
[SourceQuality "1"]

1. Nf3 g5 2. Nxg5 e5 3. d4 h6 4. Nxf7 Kxf7 5. dxe5 Qh4 6. Qd5+ Kg7 7. e4 Ne7 8. Qd3 b6 9. g3 Qh5 10. f4 Ba6 11. c4 Rg8 12. Nc3 Kh8 13. Bg2 Bb7 14. Nb5 Na6 15. Qxd7 Nc5 16. Qd2 Qg6 17. f5 Qg4 18. 0-0 Nxe4 19. Qf4 Qe2 20. Bf3 Ng5 21. Qxg5 Bxf3 22. Qd2 Rd8 23. Qxe2 Bxe2 24. Rf4 Bd3 25. Nxc7 Rc8 26. Ne6 Bxf5 27. Nxf8 Rgxf8 28. b3 Ng6 29. Rf2 Bh3 30. Rxf8+ Rxf8 31. Ba3 Re8 32. Re1 Kg7 33. Bd6 Kf7 34. Kf2 Ke6 35. Re3 Ne7 36. Re4 Bf5 37. Re1 Nc6 38. Kg2 Rg8 39. h3 h5 40. Re3 Bb1 41. a3 Rg5 42. b4 Ba2 43. b5 Nd4 44. Rc3 Nf5 45. Bf8 Bxc4 46. a4 1/2-1/2

[Event "Aquitaine-ch corr"]
[Site "France"]
[Date "1998.??.??"]
[Round "?"]
[White "Brege, Jean Luc"]
[Black "Dubleumortier, Alain"]
[Result "1-0"]
[WhiteElo "2078"]
[BlackElo "2046"]
[PlyCount "83"]
[EventDate "1998.??.??"]
[EventType "tourn (corr)"]
[EventRounds "8"]
[EventCountry "FRA"]
[SourceTitle "Corr 2004"]
[Source "ChessBase"]
[SourceDate "2003.04.28"]
[SourceVersion "3"]
[SourceVersionDate "2003.04.28"]
[SourceQuality "1"]

1. c4 f5 2. Nf3 Nf6 3. g3 c6 4. Bg2 e6 5. d4 d5 6. 0-0 Nbd7 7. b3 Bd6 8. Bb2 0-0 9. Nbd2 Ne4 10. Rc1 Qe8 11. Ne5 Qh5 12. Rc2 Ndf6 13. Qc1 Ng5 14. h4 Nge4 15. Nxe4 fxe4 16. Ba3 Bxa3 17. Qxa3 Ng4 18. Nxg4 Qxg4 19. Qd6 Rf7 20. Kh2 Qf5 21. f4 Bd7 22. Rfc1 Raf8 23. e3 Qh5 24. Bh3 Qh6 25. b4 a6 26. a4 Qf6 27. b5 Rd8 28. cxd5 exd5 29. Qxf6 Rxf6 30. bxa6 bxa6 31. Bxd7 Rxd7 32. Rxc6 Rdd6 33. Rxd6 Rxd6 34. a5 h5 35. Kh3 Kf7 36. Rc7+ Kg8 37. g4 hxg4+ 38. Kxg4 Rf6 39. f5 Rd6 40. Kg5 Kh7 41. Re7 Rc6 42. Re6 1-0

[Event "Aquitaine-ch corr"]
[Site "France"]
[Date "1998.??.??"]
[Round "?"]
[White "Dubleumortier, Alain"]
[Black "Brege, Jean Luc"]
[Result "1/2-1/2"]
[WhiteElo "2078"]
[BlackElo "2046"]
[PlyCount "90"]
[EventDate "1998.??.??"]
[EventType "tourn (corr)"]
[EventRounds "8"]
[EventCountry "FRA"]
[SourceTitle "Corr 2004"]
[Source "ChessBase"]
[SourceDate "2003.04.28"]
[SourceVersion "3"]
[SourceVersionDate "2003.04.28"]
[SourceQuality "1"]

1. b4 e5 2. Bb2 Bxb4 3. Bxe5 Nf6 4. c3 Nc6 5. d4 Ba5 6. Bxf6 Qxf6 7. e3 0-0 8. Bd3 Re8 9. Ne2 d5 10. 0-0 a6 11. Qc2 g6 12. Nd2 Bd7 13. e4 dxe4 14. Nxe4 Qe7 15. Nf4 Be6 16. d5 Bf5 17. dxc6 Bxe4 18. Rae1 Bxd3 19. Nxd3 Qd8 20. cxb7 Rb8 21. Ne5 Qd5 22. Ng4 Re6 23. Re5 Qc4 24. Nh6+ Kg7 25. Rxa5 Kxh6 26. Rb1 Kg7 27. Ra4 Qc6 28. Rab4 Rxb7 29. Rxb7 Qxb7 30. Rd1 c5 31. c4 f6 32. Qd3 Qe7 33. g3 Re2 34. Qd7 Qf7 35. Qa4 Qe6 36. a3 Kh6 37. Qb3 Re4 38. Rc1 g5 39. a4 g4 40. Qb8 Rxc4 41. Qf8+ Kg6 42. Rxc4 Qxc4 43. Qe8+ Kg5 44. Qd7 Kh6 45. Qc6 Kg6 1/2-1/2

[Event "Aquitaine-ch corr"]
[Site "France"]
[Date "1998.??.??"]
[Round "?"]
[White "Dubleumortier, Alain"]
[Black "Godinot, Bernard"]
[Result "1-0"]
[WhiteElo "2046"]
[BlackElo "1840"]
[PlyCount "55"]
[EventDate "1998.??.??"]
[EventType "tourn (corr)"]
[EventRounds "8"]
[EventCountry "FRA"]
[SourceTitle "Corr 2004"]
[Source "ChessBase"]
[SourceDate "2003.04.28"]
[SourceVersion "3"]
[SourceVersionDate "2003.04.28"]
[SourceQuality "1"]

1. b4 e5 2. Bb2 Bxb4 3. f4 d6 4. Nf3 Nc6 5. fxe5 d5 6. e3 Nge7 7. Bb5 Bg4 8. 0-0 0-0 9. c3 Bxf3 10. Rxf3 Nxe5 11. cxb4 Nxf3+ 12. Qxf3 f6 13. Nc3 c6 14. Ba4 Ng6 15. Bc2 Qe8 16. Qh5 Qf7 17. Rf1 Rfe8 18. Ne2 Re4 19. Bxe4 dxe4 20. Nc3 Qc4 21. Qc5 Qd3 22. Qd4 Qxd4 23. exd4 Rd8 24. a4 a6 25. g3 e3 26. Re1 Kf7 27. dxe3 Nf8 28. Kf2 1-0